000 01145cam a2200337 a 4500
001 1757
005 20230928105244.0
020 _a9780545103671 (pbk.)
020 _a0545103673 (pbk.)
040 _aBTCTA
_cBTCTA
_dGO3
_dIF9
_dJAG
_dEHH
_dUPZ
_dXY4
_dOCLCQ
_dDLC
_beng
050 0 0 _aPZ7
_b.T336 2009
082 0 0 _a[Fic]
_222
100 _aStilton, Thea
245 1 0 _aThea Stilton and the dragon's code /
_cGeronimo Stilton ; [illustrations by Fabio Bono ... et al.].
260 _aNew York :
_bScholastic,
_cc2009.
300 _a158 p. :
_bcol. ill., col. map ;
_c20 cm.
500 _a"English translation... by Atlantyca S.p.A."--T.p. verso.
505 _aM
520 _aThea Stilton and her journalism class try to find a missing student.
521 0 _a640
_bLexile
521 1 _aM
_bRaz-Plus
650 1 _aMice
_vFiction.
650 1 _aMissing persons
_vFiction.
650 1 _aJournalists
_vFiction.
650 1 _aSchools
_vFiction.
650 1 _aTeachers
_vFiction.
650 1 _aMystery and detective stories.
700 1 _aBono, Fabio,
_eillustrator
906 _a7
_bcbc
_ccopycat
_d2
_encip
_f20
_gy-gencatlg
942 _2ddc
_cBK
_n0
999 _c1757
_d1757